000 00694cam a22002537a 4500
003 CHAP
005 20220817042422.0
008 971013s1964 r 00010 d
010 _a44058
011 _a45030
035 _a49169
040 _cCHAP
082 _a635
_bF36
110 _aFAO
245 0 _aNuestra huerta escolar; manual de nutrición y horticultura
260 _aRoma :
_bFAO/UNICEF,
_c1960.
300 _a140 p.
_b: ilus.
590 _aBATCH-UPD
_b10
_c20130110
_lUCH01
_h1751
590 _aCONVERSION
_b10
_c20130109
_lUCH01
_h1324
650 1 4 _aHorticultura.
_956291
901 _aBK
942 _cLIBRO
949 _a635 F36
_bBC
_cFAO
_d33724000912986
_eFAO2
_h31640
_i49169
_si
999 _c44058
_d44058